LEADER 01043nam0-2200337---450- 001 990010095950403321 005 20160831122806.0 010 $a9783775736442 035 $a001009595 035 $aFED01001009595 035 $a(Aleph)001009595FED01 035 $a001009595 100 $a20160831d2013----km-y0itay50------ba 101 0 $ager 102 $aDE 105 $aaf------001yy 200 1 $a1914 - Welt in Farbe$eFarbfotografie vor dem Krieg$fHerausgegeben vom LVR-LandesMuseum Bonn$gtexte von Christoph Antweiler ... [et al.] 210 $aOstfildern$cHatje Cantz$d2013 215 $a143 p.$d28 cm 300 $aMostra tenuta a Bonn nel 2013 610 0 $aFotografie a colori$aStoria$a1909-1914$aMostre 676 $a778.6$v18 702 1$aAntweiler,$bChristoph 712 02$aLandesmuseum$c 801 0$aIT$bUNINA$gRICA$2UNIMARC 901 $aBK 912 $a990010095950403321 952 $a778.6 MOSTRA BONN 2013$bBIBL.2016/195$fFLFBC 959 $aFLFBC 996 $a1914 - Welt in Farbe$91495942 997 $aUNINA LEADER 00888nam0-22003491i-450 001 990003147710403321 005 20200422114025.0 010 $a0-06-350279-8 035 $a000314771 100 $a20030910d1980----km-y0itay50------ba 101 0 $aeng 102 $aUS 200 1 $aOpen Economy Macroeconomics$fRudiger Dornbusch. 210 $aNew York$cBasic Books$dc1980 215 $aIX, 293 p.$d22 cm 610 0 $aMacroeconomia 676 $a339 676 $aB/1.2 676 $aO/1.0 676 $aO/2.10 702 1$aDornbusch,$bRudiger$f<1948-2002> 801 0$aIT$bUNINA$gRICA$2UNIMARC 901 $aBK 912 $a990003147710403321 952 $aO/2.10 DOR$b1186$fSES 952 $aXV M3 47$b2647$fDTE 952 $aISVE E0/55$b6138$fDECTS 959 $aSES 959 $aDECTS 959 $aDTE 996 $aOpen Economy Macroeconomics$9456082 997 $aUNINA LEADER 01257nam 2200433 450 001 9910827946603321 010 $a1-119-55094-7 010 $a1-119-55095-5 010 $a1-119-47690-9 035 $a(CKB)4100000006516187 035 $a(MiAaPQ)EBC5501270 035 $a(PPN)262537214 035 $a(EXLCZ)994100000006516187 100 $a20180919d2018 uy 0 101 0 $aeng 135 $aurcnu|||||||| 181 $ctxt$2rdacontent 182 $cc$2rdamedia 183 $acr$2rdacarrier 200 10$aEnergy transfers by conduction /$fAbdelhanine Benallou 210 1$aLondon, UK ;$aHoboken, NJ :$cISTE :$cWiley,$d2018. 215 $a1 online resource (456 pages) $cillustrations 311 $a1-78630-275-6 320 $aIncludes bibliographical references and index. 606 $aHeat$xConduction 606 $aHeat$xTransmission 606 $aHeat engineering 615 0$aHeat$xConduction. 615 0$aHeat$xTransmission. 615 0$aHeat engineering. 676 $a621.4022 700 $aBenallou$b Abdelhanine$01593170 801 0$bMiAaPQ 801 1$bMiAaPQ 801 2$bMiAaPQ 906 $aBOOK 912 $a9910827946603321 996 $aEnergy transfers by conduction$94124671 997 $aUNINA